000
00318nam a22001457a 4500
008
230124b ||||| |||| 00| 0 eng d
020
_a
9781285169217
041
_a
eng
080
_a
004
082
_a
004SHAF
100
_a
18
101
_a
SHKJP
245
_a
MICROSOFT OFFISE 2013
_c
SHAFFER ANN
942
_2
udc
_c
BK
999
_c
59265
_d
59265